[Event "PRO League KO Stage 2018"]
[Site "chess.com INT"]
[Date "2018.03.13"]
[Round "1"]
[White "Cervantes Landeiro, Thalia"]
[Black "Flores Rios, Mauricio"]
[Result "0-1"]
[WhiteTitle "WFM"]
[BlackTitle "GM"]
[WhiteElo "2154"]
[BlackElo "2529"]
[WhiteTeam "Webster Windmills"]
[BlackTeam "Minnesota Blizzard"]
[WhiteFideId "3520498"]
[BlackFideId "3408027"]
[EventDate "2018.03.13"]

1. d4 Nf6 2. c4 g6 3. Nc3 Bg7 4. e4 d6 5. f4 O-O 6. Nf3 c5 7. d5 e6 8. dxe6 fxe6
9. Bd3 Nc6 10. O-O Nh5 11. g3 b6 12. Be3 Bb7 13. Ng5 Bd4 14. Qe2 Qe7 15. Rae1
Rae8 16. Nb5 Bg7 17. e5 dxe5 18. Nxh7 Rf5 19. g4 Nxf4 20. Bxf4 Rxf4 21. Rxf4
exf4 22. Bxg6 Nd4 23. Nxd4 Bxd4+ 24. Kf1 Qh4 25. Ng5 Re7 26. Bh7+ Kg7 0-1

[Event "PRO League KO Stage 2018"]
[Site "chess.com INT"]
[Date "2018.03.13"]
[Round "1"]
[White "Holt, Conrad"]
[Black "Yu, Yangyi"]
[Result "1/2-1/2"]
[WhiteTitle "GM"]
[BlackTitle "GM"]
[WhiteElo "2584"]
[BlackElo "2760"]
[WhiteTeam "Dallas Destiny"]
[BlackTeam "Chengdu Pandas"]
[WhiteFideId "2034387"]
[BlackFideId "8603820"]
[EventDate "2018.03.13"]

1. d4 d5 2. c4 e6 3. Nc3 c6 4. Nf3 Nf6 5. Bg5 h6 6. Bxf6 Qxf6 7. e3 g6 8. Bd3
Bg7 9. e4 dxc4 10. Bxc4 O-O 11. O-O Nd7 12. e5 Qe7 13. Re1 b5 14. Bd3 Rd8 15.
Qe2 Rb8 16. Rac1 c5 17. Nxb5 Bb7 18. Nxa7 Bxf3 19. Qxf3 Nxe5 20. dxe5 Qxa7 21.
b3 Qxa2 22. Bc4 Qa5 23. Qe3 Rd4 24. g3 Rbd8 25. Bf1 R8d5 26. f4 Qb6 27. Ra1 Rd8
28. Ra6 Qb8 29. Rea1 Bf8 30. Bc4 Qb7 31. Qe1 Rd2 32. Qf1 Qe4 33. R6a2 h5 34.
Rxd2 Rxd2 35. Re1 Qd4+ 36. Kh1 h4 37. Re2 Rd1 38. Re1 Rd2 39. Re2 Rd1 40. Re1
Rxe1 41. Qxe1 Be7 42. Kg2 Kg7 43. Qe2 Qc3 44. Qd3 Qb2+ 45. Qe2 Qc1 46. Qf1 Qd2+
47. Qe2 Qd4 48. Qf3 Qd2+ 49. Qe2 Qd4 50. Qf3 hxg3 51. hxg3 g5 52. Kh3 Qd8 53.
Kg2 Qd2+ 54. Kh3 Qc2 55. Qe2 Qf5+ 56. Qg4 Qe4 57. Qe2 Qh1+ 58. Kg4 Qh6 59. Kf3
Qh3 60. fxg5 Bxg5 61. Qf2 Qf5+ 62. Kg2 Qxe5 63. Qf3 Be3 64. Bd3 Bd4 65. Qe4 Qf6
66. Qg4+ Kf8 67. Qf4 Qd8 68. Qf3 Qc7 69. Qe4 Ke7 70. Qh4+ Bf6 71. Qe4 Qd6 72.
Qe3 Bd4 73. Qf3 Qe5 74. Qe4 Qg5 75. Qf4 Qd5+ 76. Be4 Qd7 77. Qg5+ Kd6 78. Qf4+
Be5 79. Qd2+ Bd4 80. Qf4+ Ke7 81. Qg5+ Kf8 82. Qh6+ Bg7 83. Qe3 Qd6 84. g4 Qe5
85. Qf3 Qg5 86. Kh3 Be5 87. Bd3 Kg7 88. Kg2 Qd2+ 89. Qe2 Qf4 90. Qf3 Qd2+ 91.
Qe2 Qf4 92. Qf3 Qh2+ 93. Kf1 Bd4 94. Bc4 Qg1+ 95. Ke2 Qc1 96. Qe4 Qb2+ 97. Kd1
Qa1+ 98. Ke2 Qb2+ 99. Kd1 Qa1+ 100. Ke2 Qg1 101. Qf3 Qh2+ 102. Kd1 Bf6 103. Qe2
Qd6+ 104. Kc2 Qd4 105. Qf3 Qa1 106. Kd2 Qb2+ 107. Kd1 Bc3 108. Qe3 Qb1+ 109. Ke2
Qc2+ 110. Kf3 Qd1+ 111. Qe2 Qh1+ 112. Qg2 Qh4 113. Qg3 Qh1+ 114. Qg2 Qc1 115.
Qe2 Bd4 116. Qf1 Qd2 117. Qe2 Qg5 118. Qe4 Qh4 119. Ke2 Qg3 120. Qf3 Qe5+ 121.
Kd1 Bc3 122. Qe2 Qf4 123. Kc2 Bf6 124. Kd1 Bg5 125. Kc2 Qc1+ 126. Kd3 Qa1 127.
Ke4 Qh1+ 128. Kd3 Qb1+ 129. Qc2 Qg1 130. Qe2 Qc1 131. Ke4 Qc3 132. Qd3 Qe1+ 133.
Qe2 Qg3 134. Qf3 Qd6 135. Qc3+ Bf6 136. Qe3 Kf8 137. Kf3 1/2-1/2

[Event "PRO League KO Stage 2018"]
[Site "chess.com INT"]
[Date "2018.03.13"]
[Round "1"]
[White "Holt, Conrad"]
[Black "Ju, Wenjun"]
[Result "1/2-1/2"]
[WhiteTitle "GM"]
[BlackTitle "GM"]
[WhiteElo "2584"]
[BlackElo "2568"]
[WhiteTeam "Dallas Destiny"]
[BlackTeam "Chengdu Pandas"]
[WhiteFideId "2034387"]
[BlackFideId "8603006"]
[EventDate "2018.03.13"]

1. d4 Nf6 2. c4 e6 3. Nf3 b6 4. g3 Ba6 5. Qc2 c5 6. Bg2 Bb7 7. d5 exd5 8. O-O
Be7 9. Nh4 O-O 10. Nc3 Re8 11. cxd5 d6 12. Nf5 Bf8 13. Bg5 h6 14. Bf4 a6 15. a4
Nh5 16. Kh1 Nxf4 17. gxf4 Nd7 18. Rg1 Kh8 19. Bf3 g6 20. Ng3 Bg7 21. Rg2 b5 22.
axb5 axb5 23. Rxa8 Bxa8 24. Nxb5 Qb6 25. Ne4 Bf8 26. Qc3+ Kg8 27. Qd3 Bb7 28.
Nexd6 Bxd6 29. Rxg6+ fxg6 30. Qxg6+ Kf8 31. Nxd6 Re7 32. Qxh6+ Kg8 33. Qg6+ Kf8
34. Qf5+ Kg8 35. Qg4+ Kf8 36. Qf5+ Kg8 37. Qg4+ Kf8 38. Qf5+ Kg8 39. Qg6+ Kf8
40. Qh6+ Kg8 41. Qg6+ Kf8 42. Qf5+ Kg8 1/2-1/2

[Event "PRO League KO Stage 2018"]
[Site "chess.com INT"]
[Date "2018.03.13"]
[Round "1"]
[White "Orndahl, Markus"]
[Black "Lenic, Luka"]
[Result "0-1"]
[BlackTitle "GM"]
[WhiteElo "2186"]
[BlackElo "2662"]
[WhiteTeam "Stockholm Snowballs"]
[BlackTeam "Ljubljana Turtles"]
[WhiteFideId "1709135"]
[BlackFideId "14603853"]
[EventDate "2018.03.13"]

1. e4 c6 2. d3 d5 3. Nd2 e5 4. Ngf3 Bd6 5. g3 Nf6 6. Bg2 O-O 7. O-O Re8 8. Re1
d4 9. a4 c5 10. Rf1 Nc6 11. Nh4 Bf8 12. Nc4 g6 13. h3 Be6 14. b3 a6 15. Bd2 b5
16. Na3 Rb8 17. axb5 axb5 18. Kh2 Nd7 19. Qc1 Be7 20. Nf3 f6 21. Nh4 Qb6 22. f4
Bf7 23. Qd1 Ra8 24. Qg4 Qb7 25. Nf5 Bf8 26. fxe5 Ndxe5 27. Qh4 gxf5 28. Qxf6 Bg7
29. Qg5 h6 30. Qf4 Ng6 31. Qxf5 Nce5 32. Qf2 Ra6 33. Nxb5 Qxb5 34. Rxa6 Qxa6 35.
Qf5 Rf8 36. Qh5 Nf4 37. Qd1 Nxg2 38. Kxg2 Qg6 39. Bf4 Be6 40. Kh2 h5 41. Qe2 Bc8
42. Qg2 Qe6 43. Rf2 Ng6 44. Rf1 h4 45. Rf2 Kh7 46. Qf1 hxg3+ 47. Bxg3 Rxf2+ 48.
Bxf2 Qf6 49. Qg2 Nf4 50. Qf3 Nxh3 51. Qxf6 Bxf6 52. Bg3 Be7 53. Kg2 Ng5 54. Be5
Bg4 55. c3 dxc3 56. Bxc3 Bd1 57. d4 Nxe4 58. Bb2 Bf6 59. Kf1 Bxd4 60. Bxd4 cxd4
61. Ke1 Bf3 62. b4 d3 0-1

[Event "PRO League KO Stage 2018"]
[Site "chess.com INT"]
[Date "2018.03.13"]
[Round "1"]
[White "Orndahl, Markus"]
[Black "Skuhala, Luka"]
[Result "0-1"]
[WhiteElo "2186"]
[BlackElo "2087"]
[WhiteTeam "Stockholm Snowballs"]
[BlackTeam "Ljubljana Turtles"]
[WhiteFideId "1709135"]
[BlackFideId "14605678"]
[EventDate "2018.03.13"]

1. e4 c5 2. Nf3 d6 3. Nc3 Nf6 4. e5 dxe5 5. Nxe5 e6 6. Bb5+ Nbd7 7. d4 a6 8.
Bxd7+ Nxd7 9. Qh5 Nxe5 10. dxe5 Bd7 11. Bg5 Qc7 12. Bh4 Bc6 13. O-O Be7 14. Rfe1
Bxh4 15. Qxh4 Qe7 16. Qg4 O-O-O 17. Rad1 h5 18. Qf4 Rh6 19. Rxd8+ Kxd8 20. Rd1+
Kc7 21. Ne4 Rg6 22. f3 Bxe4 23. Qxe4 Qg5 24. f4 Qf5 25. Qe3 Qxc2 26. Rd2 Qc4 27.
b3 Qb5 28. a4 Qc6 29. g3 h4 30. Rd6 Qe8 31. Qxc5+ Kb8 32. Qd4 Kc7 33. Qb6+ Kc8
34. Qa7 Kc7 35. Rxa6 Qd7 36. Rd6 Qe7 37. Rb6 Qc5+ 0-1

[Event "PRO League KO Stage 2018"]
[Site "chess.com INT"]
[Date "2018.03.13"]
[Round "1"]
[White "Agrest, Evgenij"]
[Black "Skuhala, Luka"]
[Result "0-1"]
[WhiteTitle "GM"]
[WhiteElo "2581"]
[BlackElo "2087"]
[WhiteTeam "Stockholm Snowballs"]
[BlackTeam "Ljubljana Turtles"]
[WhiteFideId "1705024"]
[BlackFideId "14605678"]
[EventDate "2018.03.13"]

1. d4 Nf6 2. Bf4 e6 3. e3 d5 4. Nf3 c5 5. c3 Nc6 6. Nbd2 Bd6 7. Bg3 O-O 8. Bd3
b6 9. e4 Be7 10. e5 Nh5 11. Ng5 Bxg5 12. Qxh5 g6 13. Qe2 cxd4 14. h4 Bh6 15. h5
Bg7 16. Nf3 dxc3 17. bxc3 Ne7 18. Bf4 Qc7 19. Qd2 a5 20. Rc1 Ba6 21. Bxa6 Rxa6
22. Bh6 Bxh6 23. Qxh6 Nf5 24. Qg5 Qe7 25. Qf4 Rc8 26. g4 Rc4 27. Nd4 Nxd4 28.
cxd4 Qb4+ 29. Ke2 Ra7 30. Rb1 Qa3 31. Rxb6 Rc2+ 32. Kf1 Qc1+ 33. Qxc1 Rxc1+ 34.
Kg2 Rxh1 35. Kxh1 gxh5 36. gxh5 Kg7 37. Kg2 Kh6 38. Kf3 Kxh5 39. Kf4 Kg6 40. Rb8
Kg7 41. Rb3 h6 42. Rb5 a4 43. Rb4 a3 44. Rb3 Ra4 45. Ke3 Kg6 46. Rb8 h5 47. f4
Kg7 48. Rb1 Rc4 49. Kd3 Ra4 50. Rg1+ Kh6 51. Rf1 Rb4 52. f5 Rb2 53. fxe6 fxe6
54. Rf6+ Kg7 55. Rxe6 Rxa2 56. Re7+ Kg6 57. Re6+ Kf7 58. Rf6+ Ke7 59. Rh6 Rh2
60. Ra6 a2 61. Ra7+ Ke6 62. Ra6+ Kf5 63. Rf6+ Kg5 64. Rf1 Rb2 65. Rg1+ Kf5 66.
Rf1+ Ke6 67. Rf6+ Ke7 68. Ra6 h4 69. Kc3 Rg2 70. Ra7+ Ke6 71. Ra6+ Kf5 72. Rf6+
Kg5 73. Rf1 h3 74. e6 Re2 75. Kb3 Rxe6 76. Kxa2 h2 77. Kb3 Rh6 78. Rh1 Kg4 79.
Kb4 Kg3 80. Kc5 Rh5 81. Ra1 h1=Q 82. Rxh1 Rxh1 83. Kxd5 Kf4 84. Kc6 Rh6+ 85. Kd5
Kf5 86. Kc5 Ke4 87. d5 Rh5 0-1

[Event "PRO League KO Stage 2018"]
[Site "chess.com INT"]
[Date "2018.03.13"]
[Round "1"]
[White "Libiszewski, Fabien"]
[Black "Bacrot, Etienne"]
[Result "1/2-1/2"]
[WhiteTitle "GM"]
[BlackTitle "GM"]
[WhiteElo "2507"]
[BlackElo "2718"]
[WhiteTeam "Cannes Blockbusters"]
[BlackTeam "Marseille Migraines"]
[WhiteFideId "616834"]
[BlackFideId "605506"]
[EventDate "2018.03.13"]

1. Nf3 Nf6 2. g3 g6 3. Bg2 Bg7 4. O-O O-O 5. d4 d5 6. Bf4 c6 7. Qc1 Bf5 8. c4
Qb6 9. c5 Qa6 10. Nc3 Ne4 11. Re1 Nd7 12. Bh6 Nxc3 13. bxc3 b6 14. Bxg7 Kxg7 15.
cxb6 axb6 16. Nh4 Be6 17. e4 Qa3 18. Qd2 dxe4 19. Bxe4 Nf6 20. Bg2 Bd5 21. Qg5
e6 22. Bxd5 cxd5 23. Re3 Qd6 24. Nf3 Ra3 25. Ne5 b5 26. Rae1 Ne4 27. Qh4 Qd8 28.
Qf4 Qf6 29. Rxe4 dxe4 30. Qxf6+ Kxf6 31. Nd7+ Ke7 32. Nxf8 Kxf8 33. Rxe4 Rxa2
34. Re5 Rb2 35. Rc5 b4 36. cxb4 Rxb4 37. d5 exd5 38. Rxd5 1/2-1/2

[Event "PRO League KO Stage 2018"]
[Site "chess.com INT"]
[Date "2018.03.13"]
[Round "1"]
[White "Libiszewski, Fabien"]
[Black "Maurizzi, Marc Andria"]
[Result "1-0"]
[WhiteTitle "GM"]
[BlackTitle "CM"]
[WhiteElo "2507"]
[BlackElo "2119"]
[WhiteTeam "Cannes Blockbusters"]
[BlackTeam "Marseille Migraines"]
[WhiteFideId "616834"]
[BlackFideId "36083534"]
[EventDate "2018.03.13"]

1. e4 c5 2. d3 Nc6 3. g3 g6 4. Bg2 Bg7 5. f4 d6 6. Nf3 e6 7. O-O Nge7 8. c3 O-O
9. Be3 Rb8 10. Bf2 b5 11. d4 cxd4 12. cxd4 f5 13. e5 Bb7 14. Nc3 a6 15. Ng5 Qd7
16. Nxe6 Qxe6 17. d5 Qd7 18. dxc6 Bxc6 19. Qxd6 Rbd8 20. Rfd1 Qb7 21. Qxd8 Rxd8
22. Rxd8+ Bf8 23. Bxc6 Qxc6 24. Rad1 g5 25. R1d6 Qf3 26. Rf6 Ng6 27. e6 Kg7 28.
Rfxf8 gxf4 29. Rg8+ Kh6 30. Rxg6+ hxg6 31. e7 fxg3 32. hxg3 f4 33. e8=Q fxg3 34.
Qe3+ 1-0

[Event "PRO League KO Stage 2018"]
[Site "chess.com INT"]
[Date "2018.03.13"]
[Round "1"]
[White "Meier, Georg"]
[Black "Sebenik, Matej"]
[Result "1/2-1/2"]
[WhiteTitle "GM"]
[BlackTitle "GM"]
[WhiteElo "2648"]
[BlackElo "2562"]
[WhiteTeam "Stockholm Snowballs"]
[BlackTeam "Ljubljana Turtles"]
[WhiteFideId "4675789"]
[BlackFideId "14602296"]
[EventDate "2018.03.13"]

1. Nf3 Nf6 2. g3 g6 3. Bg2 Bg7 4. O-O O-O 5. d4 d6 6. b3 c5 7. Bb2 cxd4 8. Nxd4
d5 9. c4 dxc4 10. Na3 cxb3 11. axb3 e5 12. Ndb5 Nc6 13. Nc4 e4 14. Ba3 Qxd1 15.
Rfxd1 Rd8 16. Rxd8+ Nxd8 17. Bb2 Nc6 18. Nb6 Rb8 19. Nxa7 Be6 20. Nc4 Ra8 21.
Nxc6 Rxa1+ 22. Bxa1 bxc6 23. e3 Bd5 24. Nd2 c5 25. Be5 h5 26. h4 Be6 27. Kf1 Bd5
28. Ke2 Be6 29. Ke1 Bd5 30. Bh3 Ne8 31. Bb8 Bc3 32. Bd7 Nf6 33. Ba4 Ng4 34. Ke2
Bxd2 35. Kxd2 Nxf2 36. Bd6 Nd3 37. Kc3 f5 38. Be8 Kg7 39. Be7 Bf7 40. Bb5 Be6
41. Bxd3 exd3 42. Bxc5 d2 43. Kxd2 Bxb3 1/2-1/2

[Event "PRO League KO Stage 2018"]
[Site "chess.com INT"]
[Date "2018.03.13"]
[Round "1"]
[White "Harikrishna, Pentala"]
[Black "Ghosh, Diptayan"]
[Result "1/2-1/2"]
[WhiteTitle "GM"]
[BlackTitle "GM"]
[WhiteElo "2731"]
[BlackElo "2536"]
[WhiteTeam "Delhi Dynamite"]
[BlackTeam "Mumbai Movers"]
[WhiteFideId "5007003"]
[BlackFideId "5045207"]
[EventDate "2018.03.13"]

1. e4 c6 2. Nc3 d5 3. Nf3 Nf6 4. e5 Ne4 5. Ne2 Qb6 6. d4 e6 7. Nfg1 f6 8. f3 Ng5
9. exf6 gxf6 10. f4 Ne4 11. Ng3 f5 12. Nf3 Nd7 13. c3 h5 14. Ne5 Nxe5 15. fxe5
Bd7 16. Nxe4 dxe4 17. Be2 O-O-O 18. b4 Bh6 19. Bxh6 Rxh6 20. Qd2 Rh7 21. O-O Rg8
22. Rf4 Qd8 23. Raf1 Qg5 24. R1f2 h4 25. Bc4 Rh6 26. a4 Rg7 27. Qe3 Be8 28. Qh3
Kb8 29. Bf1 Qe7 30. a5 a6 31. Kh1 Rhh7 32. Kg1 Rh8 33. Bc4 Rhh7 34. Bf1 Rh8 35.
Bc4 Rhh7 36. Bf1 Rh8 1/2-1/2

[Event "PRO League KO Stage 2018"]
[Site "chess.com INT"]
[Date "2018.03.13"]
[Round "1"]
[White "Borisek, Jure"]
[Black "Orndahl, Markus"]
[Result "1-0"]
[WhiteTitle "GM"]
[WhiteElo "2576"]
[BlackElo "2186"]
[WhiteTeam "Ljubljana Turtles"]
[BlackTeam "Stockholm Snowballs"]
[WhiteFideId "14603152"]
[BlackFideId "1709135"]
[EventDate "2018.03.13"]

1. e4 e6 2. d4 d5 3. Nd2 dxe4 4. Nxe4 Bd7 5. Nf3 Bc6 6. Bd3 Nd7 7. O-O Ngf6 8.
Ng3 Bd6 9. Re1 Be7 10. Qe2 Bxf3 11. Qxf3 c6 12. c3 O-O 13. Bf4 Nd5 14. Bd2 Bg5
15. Rad1 Bxd2 16. Rxd2 Qf6 17. Qd1 Rad8 18. c4 Nf4 19. Bb1 Nb6 20. b3 Ng6 21.
Ne4 Qe7 22. g3 Rfe8 23. Qh5 Nf8 24. Ng5 h6 25. Nf3 Nbd7 26. Qa5 a6 27. Rde2 Nf6
28. Kg2 Qd6 29. h4 Rc8 30. Qc3 Red8 31. b4 b6 32. a4 c5 33. dxc5 bxc5 34. b5
axb5 35. axb5 N8d7 36. Qc2 Qc7 37. Kg1 Ra8 38. Rd2 Qa5 39. Red1 Nf8 40. Ne5 Rxd2
41. Rxd2 Ne4 42. Qxe4 Qxd2 43. Qxa8 Qc1+ 44. Kg2 Qxb1 45. Nd7 1-0

[Event "PRO League KO Stage 2018"]
[Site "chess.com INT"]
[Date "2018.03.13"]
[Round "1"]
[White "Borisek, Jure"]
[Black "Agrest, Evgenij"]
[Result "1/2-1/2"]
[WhiteTitle "GM"]
[BlackTitle "GM"]
[WhiteElo "2576"]
[BlackElo "2581"]
[WhiteTeam "Ljubljana Turtles"]
[BlackTeam "Stockholm Snowballs"]
[WhiteFideId "14603152"]
[BlackFideId "1705024"]
[EventDate "2018.03.13"]

1. e4 c6 2. d4 d5 3. e5 Bf5 4. Nf3 e6 5. Be2 Ne7 6. O-O Nc8 7. Nbd2 Nd7 8. Ne1
h6 9. Bd3 Ne7 10. c3 c5 11. Kh1 Rc8 12. a3 Qb6 13. Ndf3 g5 14. Bxf5 Nxf5 15. g4
Ne7 16. Nd3 Ng6 17. b4 cxd4 18. cxd4 Qc6 19. Nfe1 Nb6 20. f4 gxf4 21. Nxf4 Nxf4
22. Bxf4 Nc4 23. Qf3 Qd7 24. Nd3 b6 25. Rf2 Rc7 26. Bg3 Kd8 27. Nf4 Be7 28. Nh5
Rf8 29. Bf4 Rh8 30. Raf1 Kc8 31. Bc1 Bh4 32. Re2 Qb5 33. Kg2 Kb8 34. Kh3 Be7 35.
Ref2 Bd8 36. Qb3 Qe8 37. Rf3 Qg8 38. Qd3 Qe8 39. Kg2 Rg8 40. h3 Rh8 41. Qe2 Bh4
42. Bf4 Qa4 43. Bc1 Qe8 44. Kh1 Qg8 45. Qd3 Qe8 46. Qe2 Qg8 47. Qd3 Qe8 48. Qe2 1/2-1/2

[Event "PRO League KO Stage 2018"]
[Site "chess.com INT"]
[Date "2018.03.13"]
[Round "1"]
[White "Kukk, Sander"]
[Black "Melkumyan, Hrant"]
[Result "0-1"]
[BlackTitle "GM"]
[WhiteElo "2188"]
[BlackElo "2664"]
[WhiteTeam "Estonia Horses"]
[BlackTeam "Armenia Eagles"]
[WhiteFideId "4502094"]
[BlackFideId "13302485"]
[EventDate "2018.03.13"]

1. c4 g6 2. Nc3 Bg7 3. g3 Nf6 4. Bg2 O-O 5. Nf3 d6 6. d4 Nbd7 7. e4 e5 8. d5 Nc5
9. Qc2 a5 10. O-O h5 11. Bg5 Bd7 12. b3 Qe8 13. Rfe1 Nh7 14. Be3 b6 15. Nd2 h4
16. a3 f5 17. exf5 Bxf5 18. Nde4 h3 19. Bh1 a4 20. b4 Nb3 21. Rad1 Qf7 22. Qe2
Nd4 23. Bxd4 exd4 24. Nb5 Rae8 25. f4 Nf6 26. Nxf6+ Bxf6 27. Qf2 d3 28. Rxe8
Rxe8 29. Nd4 Bg4 30. Rxd3 Bxd4 31. Rxd4 Re2 32. Qf1 Qe7 33. Rd1 Qe3+ 0-1

[Event "PRO League KO Stage 2018"]
[Site "chess.com INT"]
[Date "2018.03.13"]
[Round "1"]
[White "Kukk, Sander"]
[Black "Grigoryan, Karen H."]
[Result "0-1"]
[BlackTitle "GM"]
[WhiteElo "2188"]
[BlackElo "2571"]
[WhiteTeam "Estonia Horses"]
[BlackTeam "Armenia Eagles"]
[WhiteFideId "4502094"]
[BlackFideId "13301004"]
[EventDate "2018.03.13"]

1. e3 Nf6 2. c4 e5 3. b3 d5 4. cxd5 Nxd5 5. Bb2 Bd6 6. Nc3 Nxc3 7. dxc3 O-O 8.
Qc2 Kh8 9. h3 a5 10. Bd3 a4 11. Ne2 a3 12. Bc1 f5 13. g4 e4 14. Bc4 Nc6 15. Nd4
Ne5 16. Be2 Qh4 17. gxf5 Bxf5 18. Bd2 Nd3+ 19. Bxd3 exd3 20. Qd1 Be4 21. Rf1 Bg3
22. Qg4 Bxf2+ 23. Kd1 Qxg4+ 24. hxg4 Bg2 0-1

[Event "PRO League KO Stage 2018"]
[Site "chess.com INT"]
[Date "2018.03.13"]
[Round "1"]
[White "Hemant, Sharma2"]
[Black "Parnali, S Dharia"]
[Result "1/2-1/2"]
[WhiteTitle "IM"]
[BlackTitle "WIM"]
[WhiteElo "2393"]
[BlackElo "2148"]
[WhiteTeam "Delhi Dynamite"]
[BlackTeam "Mumbai Movers"]
[WhiteFideId "5025842"]
[BlackFideId "5043131"]
[EventDate "2018.03.13"]

1. c4 g6 2. Nc3 Nf6 3. g3 Bg7 4. Bg2 O-O 5. Nf3 d6 6. d3 e5 7. O-O Re8 8. Bg5 h6
9. Bxf6 Bxf6 10. Rb1 a5 11. a3 Nc6 12. b4 axb4 13. axb4 Bg7 14. b5 Ne7 15. Ne1
c6 16. bxc6 bxc6 17. Nc2 d5 18. Nb4 e4 19. d4 c5 20. Nbxd5 Nxd5 21. cxd5 Bxd4
22. Nxe4 Bf5 23. Qd3 Qe7 24. d6 Bxe4 25. dxe7 Bxd3 26. exd3 Ra7 27. Rfe1 1/2-1/2

[Event "PRO League KO Stage 2018"]
[Site "chess.com INT"]
[Date "2018.03.13"]
[Round "1"]
[White "Kiewra, Keaton"]
[Black "Smirnov, Anton"]
[Result "1/2-1/2"]
[WhiteTitle "IM"]
[BlackTitle "GM"]
[WhiteElo "2374"]
[BlackElo "2543"]
[WhiteTeam "San Diego Surfers"]
[BlackTeam "Australia Kangaroos"]
[WhiteFideId "2019280"]
[BlackFideId "3208923"]
[EventDate "2018.03.13"]

1. Nf3 d5 2. d4 Nf6 3. Bf4 c5 4. e3 Nc6 5. Be2 e6 6. O-O Bd6 7. dxc5 Bxc5 8. c4
O-O 9. Nc3 dxc4 10. Bxc4 a6 11. Rc1 Qe7 12. Qe2 b5 13. Bd3 Bb7 14. Ne4 Nxe4 15.
Bxe4 f5 16. Bxc6 Bxc6 17. Qc2 Bxf3 18. Qxc5 Qxc5 19. Rxc5 Bd5 20. b3 Rac8 21.
Rfc1 Bb7 1/2-1/2

[Event "PRO League KO Stage 2018"]
[Site "chess.com INT"]
[Date "2018.03.13"]
[Round "1"]
[White "Kiewra, Keaton"]
[Black "Izzat, Kanan"]
[Result "1/2-1/2"]
[WhiteTitle "IM"]
[BlackTitle "IM"]
[WhiteElo "2374"]
[BlackElo "2484"]
[WhiteTeam "San Diego Surfers"]
[BlackTeam "Australia Kangaroos"]
[WhiteFideId "2019280"]
[BlackFideId "13405209"]
[EventDate "2018.03.13"]

1. d4 Nf6 2. Bg5 d5 3. e3 c5 4. Nd2 Nc6 5. c3 e6 6. Bd3 Be7 7. f4 Nd7 8. Bxe7
Qxe7 9. Ngf3 f5 10. O-O O-O 11. c4 Nf6 12. Rc1 cxd4 13. exd4 Ne4 14. c5 Bd7 15.
Qe2 Be8 16. Qe3 Bh5 17. Bxe4 fxe4 18. Ne5 Rac8 19. Nxc6 Rxc6 20. b4 Ra6 21. a3
Be8 22. Rc3 Bb5 23. Rf2 Qe8 24. g4 Qg6 25. h3 Qf6 26. Kg2 Rc6 27. Nf1 a5 28.
bxa5 Qd8 29. Nh2 Qxa5 30. g5 Bd3 31. Rb3 b6 32. cxb6 Rxb6 33. Rxb6 Qxb6 34. Ng4
Ra8 35. Qc1 e3 36. Qxe3 Be4+ 37. Kh2 Qb1 38. Re2 Rb8 39. Qc3 Qh1+ 40. Kg3 Qd1
41. Rb2 Rf8 42. Rb7 Qg1+ 43. Kh4 h6 44. gxh6 gxh6 45. Qg3 Qxg3+ 46. Kxg3 Ra8 47.
Nf6+ Kf8 48. Rb3 Ra4 49. Nxe4 dxe4 50. Kf2 Rxd4 51. Ke3 Ra4 52. Rb6 Rxa3+ 53.
Kxe4 Rxh3 54. Rxe6 Kf7 55. Ra6 Rh1 56. Kf5 Rh5+ 57. Ke4 Rb5 58. Rxh6 Rb4+ 59.
Kf5 Rb5+ 60. Kg4 Ra5 61. Rb6 1/2-1/2

[Event "PRO League KO Stage 2018"]
[Site "chess.com INT"]
[Date "2018.03.13"]
[Round "1"]
[White "Stremavicius, Titas"]
[Black "Yu, Yangyi"]
[Result "1/2-1/2"]
[WhiteTitle "IM"]
[BlackTitle "GM"]
[WhiteElo "2451"]
[BlackElo "2760"]
[WhiteTeam "Dallas Destiny"]
[BlackTeam "Chengdu Pandas"]
[WhiteFideId "12804444"]
[BlackFideId "8603820"]
[EventDate "2018.03.13"]

1. d4 d5 2. c4 e6 3. Nc3 c6 4. e3 Nf6 5. Nf3 Nbd7 6. Qc2 Bd6 7. Bd3 dxc4 8. Bxc4
O-O 9. O-O e5 10. h3 Qe7 11. Bd3 Re8 12. Ng5 h6 13. Nge4 Bc7 14. Bd2 Nxe4 15.
Nxe4 Nf6 16. Nxf6+ Qxf6 17. Bc3 Bd7 18. Rad1 Rad8 19. dxe5 Bxe5 20. Bxe5 Qxe5
21. Bc4 Be6 22. Bxe6 Qxe6 23. b3 b6 24. Rd2 Rxd2 25. Qxd2 c5 26. Rd1 c4 27. bxc4
Qxc4 28. Qd7 Ra8 29. Qb7 Qc8 30. Rd7 Qxb7 31. Rxb7 h5 32. g3 g6 33. Kg2 Kg7 34.
Kf3 Kf6 35. g4 hxg4+ 36. hxg4 g5 37. Kg3 Kg6 38. f4 f5 39. gxf5+ Kxf5 40. fxg5
Kxg5 41. e4 Kf6 42. Kf4 Ke6 43. Rh7 Kd6 44. e5+ Kd5 45. Rd7+ Ke6 46. Rd6+ Ke7
47. Rh6 Rc8 48. Kf5 Rf8+ 49. Ke4 Rf2 50. Rh7+ Ke6 51. Rh6+ Ke7 52. Rh7+ Ke6 53.
Rh6+ Ke7 54. Rh7+ 1/2-1/2

[Event "PRO League KO Stage 2018"]
[Site "chess.com INT"]
[Date "2018.03.13"]
[Round "1"]
[White "Stremavicius, Titas"]
[Black "Ju, Wenjun"]
[Result "1/2-1/2"]
[WhiteTitle "IM"]
[BlackTitle "GM"]
[WhiteElo "2451"]
[BlackElo "2568"]
[WhiteTeam "Dallas Destiny"]
[BlackTeam "Chengdu Pandas"]
[WhiteFideId "12804444"]
[BlackFideId "8603006"]
[EventDate "2018.03.13"]

1. d4 Nf6 2. c4 e6 3. Nc3 Bb4 4. e3 O-O 5. Ne2 d5 6. a3 Be7 7. cxd5 exd5 8. Nf4
c6 9. Bd3 Na6 10. O-O Nc7 11. Bd2 Ne6 12. Nh5 Re8 13. Rc1 a5 14. Ng3 g6 15. Be1
Bd6 16. f3 c5 17. Nb5 cxd4 18. exd4 Bb8 19. Ne2 Bd7 20. Bg3 Qb6 21. a4 Bxg3 22.
hxg3 Rac8 23. Qd2 Nc7 24. Nec3 Nxb5 25. Bxb5 Bc6 26. Rfe1 Kg7 27. Kf2 h5 28.
Rxe8 Rxe8 29. Re1 Rxe1 30. Kxe1 Bxb5 31. Nxb5 Qe6+ 32. Kf2 Qf5 33. Ke2 b6 34.
Nc3 g5 35. Qd3 Qe6+ 36. Qe3 Qf5 37. Qd3 Qe6+ 38. Qe3 Qf5 39. Qd3 1/2-1/2